Normal view
MARC view
- التوجيه المهني-التدريب-المهن-الارشاد المهني
Entry Topical Term
001 - CONTROL NUMBER
- control field: 29063
003 - CONTROL NUMBER IDENTIFIER
- control field: JO-AjAnu
005 - DATE AND TIME OF LATEST TRANSACTION
- control field: 20230606074922.0
008 - FIXED-LENGTH DATA ELEMENTS
- fixed length control field: 230606|| aca||aabn | a|a d
040 ## - CATALOGING SOURCE
- Original cataloging agency: JO-AjAnu
- Transcribing agency: JO-AjAnu
150 ## - HEADING--TOPICAL TERM
- Topical term or geographic name entry element: التوجيه المهني-التدريب-المهن-الارشاد المهني
670 ## - SOURCE DATA FOUND
- Source citation: Work cat.: (JO-AjAnu)14918: عبدالهادي،جودت عزت/سعيد حسني العزة, author 29062, التوجيه المهني ونظرياته